000 00880 a2200217 4500
003 Nust
005 20220817141928.0
010 _a 96076239
020 _a156884641X
035 _a(OCoLC)35129982
040 _cNust
082 0 0 _a005.133,WAL
100 1 _aWalsh, Aaron E.
_997829
245 1 0 _aJava for dummies /
_cby Aaron E. Walsh.
260 _aFoster City, CA :
_bIDG Books Worldwide,
_cc1996.
300 _axviii, 365 p. :
_bill. ;
_c24 cm. +
_e1 computer laser optical disc (4 3/4 in.).
440 0 _a--For dummies
_98103
505 _aCaught in a Web of Intrigue (Page-7), It’s Applet Pickin’ Time (Page-269), A Sip of JavaScript without the Bitter Aftertaste of Programming (Page-207), Bringing it All Together (Page-271), The Part of Tens (Page-305), Appendixes (Page-321).
650 0 _aJava (Computer program language)
_98017
942 _2ddc
_cBK
_k005.133,WAL
999 _c180412
_d180412